<?xml version="1.0" encoding="UTF-8"?>
<record
    xmlns:xsi="http://www.w3.org/2001/XMLSchema-instance"
    xsi:schemaLocation="http://www.loc.gov/MARC21/slim http://www.loc.gov/standards/marcxml/schema/MARC21slim.xsd"
    xmlns="http://www.loc.gov/MARC21/slim">

  <leader>00428nam a2200109   4500</leader>
  <controlfield tag="005">20260316122249.0</controlfield>
  <datafield tag="084" ind1=" " ind2=" ">
    <subfield code="2">Colon Classification</subfield>
    <subfield code="a">I8833:2ok67</subfield>
  </datafield>
  <datafield tag="100" ind1=" " ind2=" ">
    <subfield code="a">SAYOOJIA ( K S)</subfield>
    <subfield code="9">11840</subfield>
  </datafield>
  <datafield tag="245" ind1=" " ind2=" ">
    <subfield code="a">Gynostemium morphology and its implication in the reproductive biology of thottea duchartrci sivar, A.Babu &amp; Balach, Thottea siliquosa</subfield>
  </datafield>
  <datafield tag="260" ind1=" " ind2=" ">
    <subfield code="a">Kollam, </subfield>
    <subfield code="b">Dept of Botany, Fatima Mata National College, </subfield>
    <subfield code="c">2025</subfield>
  </datafield>
  <datafield tag="942" ind1=" " ind2=" ">
    <subfield code="2">CC</subfield>
    <subfield code="c">TH</subfield>
  </datafield>
  <datafield tag="999" ind1=" " ind2=" ">
    <subfield code="c">757633</subfield>
    <subfield code="d">757633</subfield>
  </datafield>
  <datafield tag="952" ind1=" " ind2=" ">
    <subfield code="0">0</subfield>
    <subfield code="1">0</subfield>
    <subfield code="2">CC</subfield>
    <subfield code="4">0</subfield>
    <subfield code="7">0</subfield>
    <subfield code="8">REF</subfield>
    <subfield code="a">LIB</subfield>
    <subfield code="b">LIB</subfield>
    <subfield code="c">Thesis</subfield>
    <subfield code="d">2026-03-16</subfield>
    <subfield code="l">0</subfield>
    <subfield code="o">I8833:2ok67  R5 (RT)</subfield>
    <subfield code="p">G46419</subfield>
    <subfield code="r">2026-03-16 06:53:36</subfield>
    <subfield code="w">2026-03-16</subfield>
    <subfield code="y">TH</subfield>
  </datafield>
</record>
